[Event "Barbera op"]
[Site "Barbera"]
[Date "1996.??.??"]
[Round "8"]
[White "Zvjaginsev, Vadim"]
[Black "Vidarte Morales, Arturo"]
[Result "1-0"]
[WhiteElo "2590"]
[BlackElo "2340"]

1.Nf3 Nf6 2.g3 g6 3.b3 Bg7 4.Bb2 O-O 5.Bg2 d5 6.c4 c6 7.O-O Bg4 8.d3 Re8
9.Nbd2 a5 10.Ne5 Be6 11.Qc2 Nbd7 12.a3 Nxe5 13.Bxe5 Qd7 14.Nf3 Bh3 15.Rfe1 Bxg2
16.Kxg2 Nh5 17.Bxg7 Nxg7 18.d4 Qf5 19.e4 dxe4 20.Rxe4 Qf6 21.Rd1 Qd6 22.a4 Nh5
23.Qd2 Nf6 24.Rh4 h5 25.c5 Qd7 26.Qh6 Ng4 27.Rxg4 hxg4 28.Ng5 e6 29.Qh7+ Kf8
30.Kg1 Rac8 31.Qh6+ Ke7 32.Nxf7 Qd5 33.Nd6 Qxd4 34.Qh7+ Kf6 35.Qf7+  1-0

[Event "Bern Cup"]
[Site "Bern"]
[Date "1996.??.??"]
[Round "5"]
[White "Zvjaginsev, Vadim"]
[Black "Kortschnoj, Viktor"]
[Result "1/2-1/2"]
[WhiteElo "2585"]
[BlackElo "2645"]

1.d4 d5 2.c4 dxc4 3.Nf3 Nf6 4.e3 e6 5.Bxc4 a6 6.O-O c5 7.Bb3 Nc6 8.Nc3 Be7
9.Qe2 cxd4 10.Rd1 e5 11.exd4 exd4 12.Nxd4 Nxd4 13.Qe5 Qd6 14.Qxd6 Bxd6 15.Rxd4 Be5
16.Rb4 O-O 17.Bf4 a5 18.Rc4 Bxf4 19.Rxf4 Ra6 20.Re1 Be6 21.Bxe6 Rxe6 22.Rxe6 fxe6
23.Ra4 b6 24.Kf1 Rc8 25.Ke2  1/2-1/2

[Event "Pamplona9596"]
[Site "Pamplona"]
[Date "1996.??.??"]
[Round "?"]
[White "San Segundo, Pablo"]
[Black "Zvjaginsev, Vadim"]
[Result "1/2-1/2"]
[WhiteElo "2520"]
[BlackElo "2600"]

1.d4 Nf6 2.c4 e6 3.Nf3 d5 4.Nc3 c6 5.Bg5 h6 6.Bxf6 Qxf6 7.e3 Nd7 8.Bd3 dxc4
9.Bxc4 g6 10.O-O Bg7 11.Qc2 O-O 12.Bb3 Qe7 13.Ne4 Rd8 14.Rad1 a5 15.a3 Nf8
16.Ne5 Bd7 17.f4 Be8 18.g4 Kh8 19.Rde1 f6 20.Nf3 g5 21.Qc5 Rd7 22.Nfd2 f5
23.Qxe7 Rxe7 24.Nd6 gxf4 25.Rxf4 Ng6 26.Rf3 fxg4 27.Rg3 h5 28.h3 Bh6  1/2-1/2

[Event "Terrassa op"]
[Site "Terrassa"]
[Date "1996.??.??"]
[Round "2"]
[White "Gonzalez Velez, Fermin"]
[Black "Zvjaginsev, Vadim"]
[Result "0-1"]
[WhiteElo "2405"]
[BlackElo "2590"]

1.d4 e6 2.c4 b6 3.Nc3 Bb7 4.e4 Bb4 5.Bd3 f5 6.Qh5+ g6 7.Qe2 Nf6 8.Bg5 fxe4
9.Bxe4 Bxe4 10.Bxf6 Qxf6 11.Qxe4 O-O 12.Nf3 Bxc3+ 13.bxc3 Nc6 14.O-O Qf4
15.Qe2 Rae8 16.Rfe1 e5 17.d5 Na5 18.Nd2 Nb7 19.Ne4 Nd6 20.Nd2 e4 21.Nf1 Rf7
22.Ne3 Ref8 23.Rf1 Nb7 24.Rad1 Nc5 25.Nc2 Nd3 26.f3 Nb2 27.fxe4 Nxd1 28.Rxf4 Nxc3
29.Qe1 Rxf4 30.Ne3 Nxe4 31.h3 h5 32.Qb1 Kh7 33.Qb2 h4 34.Qb1 Ng3 35.Qd1 Re8  0-1

[Event "Terrassa op"]
[Site "Terrassa"]
[Date "1996.??.??"]
[Round "8"]
[White "Johansson, Jan"]
[Black "Zvjaginsev, Vadim"]
[Result "1/2-1/2"]
[WhiteElo "2365"]
[BlackElo "2590"]

1.e4 c5 2.Nf3 e6 3.d4 cxd4 4.Nxd4 Nf6 5.Nc3 d6 6.g3 Be7 7.Bg2 O-O 8.O-O a6
9.Qe2 Qc7 10.Be3 Nc6 11.Rad1 Nxd4 12.Rxd4 b5 13.Rfd1 e5 14.R4d2 b4 15.Na4 Rb8
16.b3 Bd7 17.Nb2 Bb5 18.Qe1 Ng4 19.Bf1 f5 20.Bxb5 axb5 21.Nd3 fxe4 22.Nxb4 Qd7
23.Nd5 Bd8 24.h3 Nf6 25.Nxf6+ Rxf6 26.Bg5 Rg6 27.Bxd8 Rxd8 28.Qxe4 Qxh3 29.Qd5+ Kf8
30.Rd3 h5 31.Qxb5 h4 32.Qb6 Ke7 33.Qb7+ Rd7 34.Qg2 Qg4 35.Re1 Qf5 36.Qe4 Qxe4
37.Rxe4 hxg3 38.fxg3 Ke6 39.c4 d5 40.cxd5+ Rxd5 41.Rf3 Rf6 42.Rfe3 Rd1+ 43.Kg2 Rd2+
44.Re2 Rxe2+ 45.Rxe2 Kd5 46.b4 Kd4 47.b5 e4 48.Rf2 Re6 49.Rf7 e3 50.Kf1 Rh6
51.Rd7+ Ke4 52.a4 Rh1+ 53.Kg2 Rb1 54.Re7+ Kd3 55.Rd7+ Ke4 56.Re7+  1/2-1/2

[Event "Vienna op"]
[Site "Vienna"]
[Date "1996.??.??"]
[Round "1"]
[White "Zvjaginsev, Vadim"]
[Black "Marinelli, Tullio"]
[Result "1-0"]
[WhiteElo "2590"]
[BlackElo "2425"]

1.Nf3 Nf6 2.c4 e6 3.Nc3 Bb4 4.g3 b6 5.Bg2 Bb7 6.O-O O-O 7.Qc2 Bxc3 8.Qxc3 d5
9.cxd5 Nxd5 10.Qb3 c5 11.d4 cxd4 12.Bg5 Qe8 13.Nxd4 Nd7 14.e4 Nc5 15.Qa3 Nc7
16.f3 Nb5 17.Nxb5 Qxb5 18.Be3 Nd3 19.Rfd1 Rfd8 20.Rab1 Rd7 21.Bf1 Ba6 22.Rd2 Rad8
23.Rc1 h6 24.Rc3 Kh7 25.Be2 Kg8 26.Rdc2 Qa5 27.Qxa5 bxa5 28.Rc7 a4 29.Kf1 Kh7
30.a3 Kg8 31.Bxa7 Rxc7 32.Rxc7 Rd6 33.Rc2 e5 34.Bb8 Rb6 35.Bc7 Re6 36.Rc3 Nxb2
37.Bxa6 Rxa6 38.Ke2 f6 39.Kd2 Ra7 40.Kc2 Rb7 41.Ba5  1-0

[Event "Vienna op"]
[Site "Vienna"]
[Date "1996.??.??"]
[Round "2"]
[White "Blatny, Pavel"]
[Black "Zvjaginsev, Vadim"]
[Result "1/2-1/2"]
[WhiteElo "2490"]
[BlackElo "2590"]

1.Nf3 c5 2.b3 d5 3.e3 a6 4.Bb2 Nc6 5.d4 cxd4 6.Nxd4 e6 7.Be2 Bd7 8.Nd2 Nf6
9.O-O Rc8 10.c4 Be7 11.Bf3 O-O 12.cxd5 exd5 13.Nxc6 Bxc6 14.Qb1 Re8 15.Rd1 Bd6
16.Nf1 Ne4 17.Ng3 Bxg3 18.hxg3 Qg5 19.Qd3 h5 20.Rac1 Re6 21.Bxe4 dxe4 22.Qd4 Qg4
23.Qb6 Rce8 24.Rd8 h4  1/2-1/2

[Event "RUS-ch m3-4"]
[Site "Elista"]
[Date "1997.05.24"]
[Round "2.3"]
[White "Zvjaginsev, Vadim"]
[Black "Burmakin, Vladimir"]
[Result "1-0"]
[WhiteElo "2610"]
[BlackElo "2530"]

1.d4 d5 2.c4 e6 3.Nf3 c6 4.e3 Nf6 5.Bd3 Nbd7 6.O-O Bd6 7.Nc3 O-O 8.e4 dxc4
9.Bxc4 e5 10.Bg5 Qe7 11.Re1 Nb6 12.dxe5 Bxe5 13.Nxe5 Qxe5 14.Bxf6 Qxf6 15.Bf1 Be6
16.Qc2 Qe5 17.Rad1 a5 18.Qd2 a4 19.f4 Qc5+ 20.Qf2 Qxf2+ 21.Kxf2 f5 22.exf5 Bxf5
23.Re7 Rf7 24.Rxf7 Kxf7 25.Rd4 c5 26.Rd6 Nd7 27.a3 Ke7 28.Rd2 Be6 29.h3 Nb6
30.g4 Rf8 31.Kg3 g6 32.Bb5 Bb3 33.Bf1 Nc8 34.Bb5 Nb6 35.Bf1 Rf6 36.Bg2 Nc4
37.Re2+ Re6 38.Rxe6+ Kxe6 39.Bd5+ Kd6 40.Bxb7 Nxb2 41.Ne4+ Kc7 42.Nxc5 Nc4
43.Bd5 Kd6 44.Bxc4 Kxc5 45.Ba6 Kd4 46.h4 Kc3 47.f5 gxf5 48.gxf5 Kb2 49.f6 Kxa3
50.Bb5 Bf7 51.Kf4 h6 52.Ke5 Kb4 53.Bxa4 Kxa4 54.Kd6 Kb4 55.Ke7 Bh5 56.f7  1-0

[Event "EUCup Gr6"]
[Site "Heraklio"]
[Date "1997.10.11"]
[Round "2"]
[White "Zvjaginsev, Vadim"]
[Black "Kosebay, Osman"]
[Result "1-0"]
[WhiteElo "2635"]
[BlackElo "2235"]

1.d4 Nf6 2.c4 g6 3.Nc3 d5 4.Bg5 Ne4 5.Bf4 Nxc3 6.bxc3 Bg7 7.e3 c5 8.Nf3 O-O
9.cxd5 cxd4 10.cxd4 Qxd5 11.Be2 Nc6 12.O-O Bf5 13.Nh4 Rad8 14.Nxf5 Qxf5 15.Bc7 Ra8
16.Rb1 Qc8 17.Bg3 e5 18.d5 Rd8 19.Bh4 f6 20.Bg4 Qc7 21.Qc2  1-0

[Event "WchT 4th"]
[Site "Luzern"]
[Date "1997.10.27"]
[Round "3"]
[White "Zvjaginsev, Vadim"]
[Black "Ekstroem, Roland"]
[Result "1-0"]
[WhiteElo "2635"]
[BlackElo "2475"]

1.d4 d5 2.c4 e6 3.Nc3 Be7 4.Nf3 Nf6 5.Bg5 h6 6.Bh4 O-O 7.e3 Ne4 8.Bxe7 Qxe7
9.Rc1 c6 10.Bd3 Nxc3 11.Rxc3 dxc4 12.Bxc4 Nd7 13.O-O b6 14.Bd3 c5 15.Be4 Rb8
16.Qa4 Bb7 17.Bxb7 Rxb7 18.Rd1 b5 19.Qa5 c4 20.b3 Nb6 21.Rc2 cxb3 22.axb3 Nd5
23.Rc5 b4 24.Ra1 Nc3 25.Qa6 Ra8 26.Ne5 Rc7 27.Rxc7 Qxc7 28.h3 Nd5 29.Nc4 g6
30.Ra5 Kg7 31.Rc5 Qe7 32.Ne5 Rf8 33.g3 h5 34.Rb5 Qc7 35.Rb7 Qc1+ 36.Kg2 Qc2
37.Qd3 Qxd3 38.Nxd3 a5 39.Nc5 Re8 40.Ra7 e5 41.e4 Nc3 42.d5 a4 43.bxa4 Rb8
44.d6 b3 45.Nxb3 Rxb3 46.d7 Rb8 47.Rc7 Rd8 48.Rxc3 Rxd7 49.a5 Ra7 50.Ra3 Ra6
51.Kf3 Kf6 52.Ke3 Ke6 53.Kd3 Kd6 54.Kc4 Kc6 55.h4 Kb7 56.Kd5 f6 57.f4 exf4
58.gxf4 Kc7 59.Ra1 Rd6+ 60.Kc5 Rc6+ 61.Kb5 Rc2 62.a6 Kb8 63.Rg1 Rb2+ 64.Kc5 Rc2+
65.Kd5 Rf2 66.e5 Rxf4 67.e6 Kc7 68.Rc1+ Kb6 69.e7  1-0

[Event "Goodricke op"]
[Site "Calcutta"]
[Date "1997.??.??"]
[Round "1"]
[White "Zvjaginsev, Vadim"]
[Black "Muralidharan, MB."]
[Result "1-0"]
[WhiteElo "2610"]
[BlackElo "2360"]

1.d4 Nf6 2.c4 g6 3.Nc3 Bg7 4.e4 d6 5.Be2 O-O 6.Nf3 Bg4 7.Be3 Nfd7 8.Qb3 Bxf3
9.Bxf3 Nc6 10.Rd1 e5 11.dxe5 dxe5 12.Ne2 Qe7 13.O-O Nc5 14.Qa3 Ne6 15.Qxe7 Nxe7
16.Bg4 f5 17.Bh3 Rad8 18.exf5 Nxf5 19.Nc3 Kh8 20.Bc1 Rd4 21.b3 Rfd8 22.g3 Bf8
23.Rde1 Rd3 24.Rxe5 Ned4 25.Rd5 Rxd5 26.Nxd5 Ne2+ 27.Kg2 Nxc1 28.Bxf5 gxf5
29.Rxc1 Rd2 30.Nxc7 Rxa2 31.Ne6 Bh6 32.Re1 Kg8 33.Nd4 f4 34.Re2 Ra3 35.Re7  1-0

[Event "Goodricke op"]
[Site "Calcutta"]
[Date "1997.??.??"]
[Round "2"]
[White "Murugan, Krishnamoorthy"]
[Black "Zvjaginsev, Vadim"]
[Result "0-1"]
[WhiteElo "2395"]
[BlackElo "2610"]

1.d4 Nf6 2.c4 e6 3.Nf3 d5 4.Bg5 Nbd7 5.e3 Bb4+ 6.Nc3 c5 7.cxd5 exd5 8.Bd3 c4
9.Bf5 Nb6 10.Bxc8 Rxc8 11.O-O O-O 12.Qc2 Be7 13.Nd2 Ng4 14.Bxe7 Qxe7 15.Rfe1 Rc6
16.Nf1 f5 17.f3 Nf6 18.Rad1 Qd7 19.Qf2 Na8 20.Qd2 Nc7 21.e4 fxe4 22.fxe4 Ng4
23.Re2 Rcf6 24.Ne3 Nf2 25.Rf1 Nxe4 26.Nxe4 Rxf1+ 27.Nxf1 dxe4 28.Rxe4 b5
29.Ne3 Ne6 30.d5 Nc5 31.Rd4 Qd6 32.Rg4 Nd3 33.Qc3 Qh6 34.Qd4  0-1

[Event "Goodricke op"]
[Site "Calcutta"]
[Date "1997.??.??"]
[Round "9"]
[White "Zvjaginsev, Vadim"]
[Black "Zagrebelny, Sergey"]
[Result "1/2-1/2"]
[WhiteElo "2610"]
[BlackElo "2480"]

1.d4 d5 2.c4 c6 3.e3 Bf5 4.cxd5 cxd5 5.Qb3 Qc7 6.Bd2 Nf6 7.Nf3 Nc6 8.Nc3 e6
9.Rc1 Nd7 10.Ne5 Ndxe5 11.dxe5 Be7 12.f4 O-O 13.Be2 Rfd8 14.O-O h6 15.Na4 Rac8
16.Rfe1  1/2-1/2

[Event "Goodricke op"]
[Site "Calcutta"]
[Date "1997.??.??"]
[Round "10"]
[White "Zvjaginsev, Vadim"]
[Black "Davies, Nigel R"]
[Result "1-0"]
[WhiteElo "2610"]
[BlackElo "2505"]

1.d4 d6 2.e4 g6 3.c4 Bg7 4.Nc3 a6 5.h3 Nf6 6.Nf3 O-O 7.Be3 c6 8.Bd3 b5 9.O-O bxc4
10.Bxc4 d5 11.Bd3 dxe4 12.Nxe4 Nd5 13.Bg5 Qb6 14.Nc3 Qxb2 15.Nxd5 cxd5 16.Bxe7 Re8
17.Re1 Nc6 18.Re2 Qb7 19.Bc5 Bd7 20.Rb1 Qc7 21.Rxe8+ Bxe8 22.Qb3 Qd8 23.Re1 Na5
24.Qc3 Nc6 25.Qd2 Bd7 26.Qf4 Be8 27.Re2 h6 28.h4 Qd7 29.Nh2 Nd8 30.Ng4 Ne6
31.Nf6+ Kh8 32.Qf3 Qb7 33.Nxe8 Rxe8 34.h5 Rc8 35.hxg6 Nxc5 36.dxc5 fxg6 37.Qg4 Bf8
38.Qxg6 Qg7 39.Qf5 Rd8 40.c6 Bd6 41.g3 Rf8 42.Qd7 Bc5 43.Kg2 Qf7 44.Qxf7 Rxf7
45.Bxa6 Kg7 46.f4 Ra7 47.Bb7 Bb6 48.c7  1-0

[Event "New York op"]
[Site "New York"]
[Date "1997.??.??"]
[Round "?"]
[White "Van Wely, Loek"]
[Black "Zvjaginsev, Vadim"]
[Result "1/2-1/2"]
[WhiteElo "2645"]
[BlackElo "2610"]

1.c4 e6 2.Nc3 b6 3.g3 Bb7 4.Nf3 Bxf3 5.exf3 c5 6.d4 cxd4 7.Qxd4 Nc6 8.Qd2 Qf6
9.Bg2 Qe5+ 10.Qe2 Rc8 11.Bd2 f5 12.Be3 Nf6 13.O-O Be7 14.Rfd1 O-O 15.h3 Bc5
16.f4 Qb8 17.Rac1 Nd8 18.Bd2 Nf7 19.a3 Rfe8 20.b4 Bf8 21.Be3 Red8 22.Bd4 Ne8
23.Rb1 g6 24.Rdc1 Bg7 25.Be3 Nc7 26.Qd3 d6 27.a4 d5 28.cxd5 Bxc3 29.Rxc3 Nxd5
30.Rxc8 Qxc8 31.Rc1 Qd7 32.Bxd5 exd5 33.Qd4 Re8 34.b5 Re4 35.Qf6 d4 36.Bd2 Re6  1/2-1/2

[Event "EU-chT (Men)"]
[Site "Pula"]
[Date "1997.??.??"]
[Round "4"]
[White "Sturua, Zurab"]
[Black "Zvjaginsev, Vadim"]
[Result "0-1"]
[WhiteElo "2560"]
[BlackElo "2610"]

1.e4 c5 2.Nf3 d6 3.d4 cxd4 4.Nxd4 Nf6 5.Nc3 Bd7 6.Be2 e6 7.g4 h6 8.f4 e5
9.Nf5 Bc6 10.Bf3 g6 11.Ng3 Nbd7 12.f5 g5 13.a4 a6 14.Qe2 Be7 15.Be3 b5 16.a5 Bb7
17.Nd5 Nxd5 18.exd5 Nf6 19.Qd3 Rc8 20.c3 Qc7 21.Nh5 Nxh5 22.gxh5 Qc4 23.Ke2 Bd8
24.Qxc4 Rxc4 25.Kd3 Bc8 26.Be4 Bd7 27.b3 Rc8 28.c4 Ke7 29.h4 f6 30.Bd2 Bc7
31.Be3 bxc4+ 32.bxc4 Rb8 33.Kc3 Rb7 34.c5 Rhb8 35.Bd2 Rb2 36.Bc2 Bc8  0-1

[Event "RUS-ch51"]
[Site "St Petersburg"]
[Date "1998.08.03"]
[Round "7"]
[White "Zvjaginsev, Vadim"]
[Black "Yagupov, Igor"]
[Result "1-0"]
[WhiteElo "2650"]
[BlackElo "2450"]

1.e4 e5 2.Nf3 Nc6 3.Bc4 Bc5 4.c3 Nf6 5.d3 d6 6.Nbd2 Bb6 7.a4 a6 8.Ba2 Ne7
9.d4 Ng6 10.Nc4 Qe7 11.Nxb6 cxb6 12.O-O Nxe4 13.Re1 Nf6 14.dxe5 dxe5 15.Nxe5 Nxe5
16.Bf4 Nfd7 17.Bxe5 Nxe5 18.Qd4 O-O 19.Rxe5 Qf6 20.Rae1 Bf5 21.Re7 Qg6 22.Rxb7 Rae8
23.Rxe8 Rxe8 24.h3 Be6 25.Rxb6 a5 26.Qe5 h6 27.Bxe6 fxe6 28.b4 Re7 29.bxa5 Kh7
30.f3  1-0

[Event "RUS-ch51"]
[Site "St Petersburg"]
[Date "1998.08.06"]
[Round "10"]
[White "Popov, Valerij"]
[Black "Zvjaginsev, Vadim"]
[Result "1-0"]
[WhiteElo "2520"]
[BlackElo "2650"]

1.d4 e6 2.c4 Nf6 3.Nf3 b6 4.g3 Ba6 5.b3 c5 6.Bg2 Nc6 7.d5 exd5 8.cxd5 Ne7
9.Nc3 g6 10.Bg5 Bg7 11.d6 Nc6 12.Nd5 Nxd5 13.Bxd8 Nc3 14.Qd2 Rxd8 15.Rc1 Ne4
16.Qf4 f5 17.Nd2 O-O 18.Nxe4 fxe4 19.Qxe4 Rde8 20.Qd5+ Kh8 21.Qd2 Bxe2 22.Qxe2 Rxe2+
23.Kxe2 Nd4+ 24.Kf1 Nf5 25.Bh3 Nxd6 26.Bxd7 Ne4 27.Rc2 Bd4 28.f4 g5 29.f5 Nf6
30.Be6 Ng4 31.Ke2 Kg7 32.Rd2 Ne3 33.Kd3 Kf6 34.h3 Rd8 35.Re2 Nxf5 36.Bxf5 Be5+
37.Kc4 Kxf5 38.Rf1+ Ke6 39.Kb5 Rd5 40.Kc6 Rd6+ 41.Kb7 b5 42.Kxa7 c4 43.a4 cxb3
44.axb5 Rd5 45.Ka6 b2 46.Rb1 Kd7 47.b6 h5 48.Rxe5 Rxe5 49.Rxb2 Kc8 50.Rf2 Re3
51.b7+ Kc7 52.Rc2+  1-0

[Event "RUS-Cup final"]
[Site "Samara"]
[Date "1998.09.04"]
[Round "6"]
[White "Zvjaginsev, Vadim"]
[Black "Volkov, Sergey"]
[Result "1-0"]
[WhiteElo "2650"]
[BlackElo "2605"]

1.e4 e6 2.d4 d5 3.e5 c5 4.c3 Qb6 5.Nf3 Bd7 6.a3 Bb5 7.b4 cxd4 8.Bxb5+ Qxb5
9.cxd4 a5 10.Nc3 Qc6 11.Bd2 axb4 12.axb4 Rxa1 13.Qxa1 Qa6 14.Qa4+ Qxa4 15.Nxa4 b5
16.Nc3 Bxb4 17.Nxb5 Be7 18.Ke2 Nh6 19.Na7 O-O 20.Rb1 Re8 21.g4 Bf8 22.h3 f5
23.Bxh6 gxh6 24.Nh2 fxg4 25.Nxg4 Nd7 26.Rb7 h5 27.Rxd7 hxg4 28.hxg4 Rb8 29.Nc6 Rb2+
30.Kf3 Ba3 31.g5 Rb6 32.Rc7 Bb2 33.Kg4 Ra6 34.g6 Ra1 35.Ne7+ Kh8 36.Kg5 Rc1
37.Kf6  1-0

[Event "Julian Borowski GM"]
[Site "Essen"]
[Date "1999.04.03"]
[Round "7"]
[White "Sutovskij, Emil"]
[Black "Zvjaginsev, Vadim"]
[Result "1/2-1/2"]
[WhiteElo "2612"]
[BlackElo "2658"]

1.e4 c5 2.Nf3 d6 3.d4 cxd4 4.Nxd4 Nc6 5.Nc3 e6 6.Be2 Nf6 7.O-O Be7 8.Be3 O-O
9.f4 Bd7 10.Nb3 Rc8 11.g4 h6 12.Kh1  1/2-1/2

[Event "4th Comtois It"]
[Site "Belfort FRA"]
[Date "1999.12.22"]
[Round "10"]
[White "Hauchard,A"]
[Black "Zvjaginsev,V"]
[Result "1/2-1/2"]
[WhiteElo "2518"]
[BlackElo "2652"]

1.d4 e6 2.c4 b6 3.e4 Bb7 4.Bd3 Nc6 5.Ne2 g6 6.Nbc3 Bg7 7.Be3 d6 8.Qd2 Qe7
9.h3 Nf6 10.O-O e5 11.d5 Nb4 12.Bb1 Nh5 13.a3 Na6 14.Bc2 O-O 15.g4 Nf4 16.Nxf4 exf4
17.Bxf4 Nc5 18.Bh6 Bxh6 19.Qxh6 a5 20.Qe3 a4 21.Rad1 Bc8 22.Rfe1 f6 23.Kg2 Bd7
24.Qd4 Qe5 25.Re3 g5 26.Qxe5 fxe5 27.Bd3 Rf6 28.Rf3 Kg7 29.Rxf6 Kxf6 30.Be2 Be8
31.Kf3 h5 32.gxh5 Bxh5+ 33.Ke3 Bg6 34.Rg1 Rh8 35.Bg4 Be8 36.Rg3 Nb3 37.Bd1 Nc5
38.Bg4 Nb3 39.Ne2 Nc5 40.Rf3+ Ke7 41.Ng3 Bg6 42.Nf5+ Kd8 43.Rg3 Rh7 44.Rg1 Ke8
45.Ng3 Rh8 46.Rh1 Ke7 47.Bf5 Be8 48.Ne2 b5 49.cxb5 Bxb5 50.Nc3 Bd7 51.Bxd7 Kxd7
52.f3 Rb8 53.Rh2 Ke7 54.Rd2 Rh8 55.Rh2 Rb8 56.Rd2 Rh8 57.Rh2 Rb8  1/2-1/2

[Event "VII Anibal Open"]
[Site "Linares ESP"]
[Date "2000.01.07"]
[Round "1"]
[White "Zvjaginsev,V"]
[Black "Calzetta,M"]
[Result "1-0"]
[WhiteElo "2652"]
[BlackElo "2194"]

1.d4 Nf6 2.Nf3 c5 3.d5 d6 4.Nc3 g6 5.e4 Bg7 6.Be2 O-O 7.O-O Na6 8.Bf4 Nc7
9.a4 b6 10.Qd2 a6 11.Bh6 Bg4 12.h3 Bxf3 13.Bxf3 b5 14.Ne2 Rb8 15.b3 Re8 16.Bxg7 Kxg7
17.Rfd1 h5 18.axb5 axb5 19.b4 c4 20.Nd4 Ra8 21.Nc6 Qd7 22.Qc3 Rxa1 23.Rxa1 e5
24.Qe3 Ra8 25.Ra5 Rxa5 26.bxa5 Na6 27.Qb6 Nc5 28.a6 Ne8 29.a7  1-0

[Event "VII Anibal Open"]
[Site "Linares ESP"]
[Date "2000.01.11"]
[Round "5"]
[White "Zvjaginsev,V"]
[Black "Rashkovsky,N"]
[Result "1-0"]
[WhiteElo "2652"]
[BlackElo "2513"]

1.Nf3 Nf6 2.c4 b6 3.Nc3 Bb7 4.d4 Bxf3 5.gxf3 c5 6.d5 d6 7.Bg5 h6 8.Bd2 e5
9.dxe6 fxe6 10.Bh3 Kf7 11.Qc2 Nc6 12.O-O-O Nd4 13.Qd3 a6 14.Be3 b5 15.Bxd4 cxd4
16.Qxd4 bxc4 17.e4 Qc7 18.f4 e5 19.Qe3 Be7 20.Rhg1 exf4 21.Qxf4 g5 22.Qf5 Qc8
23.Qxc8 Rhxc8 24.Bxc8 Rxc8 25.Nd5 Nxd5 26.Rxd5 Ke6 27.f4 Bf6 28.f5+ Ke7 29.Rg3 Rb8
30.b3 Rc8 31.b4 c3 32.Rg2 Rc4 33.a3 Rxe4 34.Ra5 Be5 35.Rxa6 Kf7 36.b5 Re1+
37.Kc2 Ra1 38.Re2 Kf6 39.b6 Ra2+ 40.Kd3 Ra1 41.Ra4  1-0

[Event "VII Anibal Open"]
[Site "Linares ESP"]
[Date "2000.01.15"]
[Round "9"]
[White "Dzhumaev,M"]
[Black "Zvjaginsev,V"]
[Result "1/2-1/2"]
[WhiteElo "2457"]
[BlackElo "2652"]

1.e4 c5 2.Nf3 e6 3.d3 Nc6 4.g3 Nf6 5.Bg2 Be7 6.O-O O-O 7.Re1 d6 8.c3 Ne5
9.d4 Nxf3+ 10.Bxf3 Nd7 11.Na3 a6 12.Nc4 Qc7 13.d5 Ne5 14.Ne3 Bg5 15.Bg2 Bxe3
16.Bxe3 exd5 17.Qxd5 Be6 18.Qd2 Rad8 19.f4 Nc4 20.Qf2 Nxe3 21.Rxe3 f6 22.Rd3 Rfe8
23.a3 Bc4 24.Rd2 Bb5 25.b4 b6 26.Re1 h6 27.Qf3 Kh8  1/2-1/2

[Event "V Ubeda Open"]
[Site "Ubeda ESP"]
[Date "2000.01.19"]
[Round "1"]
[White "Karatorossian,D"]
[Black "Zvjaginsev,V"]
[Result "0-1"]
[WhiteElo "2345"]
[BlackElo "2641"]

1.c4 b6 2.b3 Bb7 3.Bb2 Nf6 4.Nf3 g6 5.g3 Bg7 6.Bg2 c5 7.O-O O-O 8.Nc3 d6
9.d4 a6 10.d5 b5 11.Qc2 Nbd7 12.Nd2 Rb8 13.Rab1 Bc8 14.h3 b4 15.Nd1 e5 16.e4 h5
17.Nf3 Bh6 18.Bc1 Bxc1 19.Rxc1 a5 20.Ne3 a4 21.h4 Nh7 22.Bh3 Ra8 23.Kg2 Ra7
24.Ne1 Qe7 25.Nd3 Ndf6 26.Bxc8 Rxc8 27.f3 Rca8 28.Rb1 Ne8 29.Nf2 Ng7 30.Rh1 Qd7
31.f4 Qe7 32.f5 gxf5 33.exf5 Nf6 34.Kf3 e4+ 35.Nxe4 axb3 36.axb3 Ra2 37.Nxf6+ Qxf6
38.Qd3 Re8 39.Nf1 Re5 40.Kf4 Rae2  0-1

[Event "V Ubeda Open"]
[Site "Ubeda ESP"]
[Date "2000.01.20"]
[Round "2"]
[White "Zvjaginsev,V"]
[Black "Sargissian,G"]
[Result "1-0"]
[WhiteElo "2641"]
[BlackElo "2442"]

1.e4 c6 2.d4 d5 3.e5 Bf5 4.Nd2 e6 5.Nb3 Nd7 6.Nf3 a6 7.Be2 c5 8.dxc5 Ne7
9.O-O Nc6 10.Nbd4 Bg4 11.c4 Bxc5 12.cxd5 Nxd4 13.Nxd4 Bxe2 14.Nxe2 Nxe5 15.Bf4 Ng6
16.dxe6 fxe6 17.Rc1 O-O 18.Rxc5 Nxf4 19.Nxf4 Rxf4 20.g3 Qb6 21.Rc3 Rd4 22.Rb3 Rb4
23.Rxb4 Qxb4 24.Qe2 Qe7 25.Re1 Re8 26.Qe4 Qd7 27.Re3 Re7 28.h4 Re8 29.Kg2 Re7
30.Rd3 Qc7 31.Rc3 Qd7 32.Re3 Re8 33.Qc4 Re7 34.h5 h6 35.Re5 Qe8 36.Rc5 Qf7
37.Qe4 Re8 38.Re5 Qd7 39.b3 Rf8 40.Rxe6 Qd2 41.Qe2 Qd5+ 42.Kg1 Rc8 43.Re8+ Rxe8
44.Qxe8+ Kh7 45.Qe2 b5 46.g4 a5 47.f3 Kg8 48.Qe8+  1-0

[Event "V Ubeda Open"]
[Site "Ubeda ESP"]
[Date "2000.01.24"]
[Round "6"]
[White "Zvjaginsev,V"]
[Black "Yagupov,I"]
[Result "1/2-1/2"]
[WhiteElo "2641"]
[BlackElo "2482"]

1.d4 d5 2.c4 c6 3.Nc3 Nf6 4.e3 e6 5.Bd2 Nbd7 6.Rc1 a6 7.cxd5 exd5 8.g3 Bd6
9.Bg2 Nb6 10.Nge2 Bf5 11.Ra1 Nc4 12.Bc1 O-O 13.O-O Qd7 14.b3 Na3 15.Bb2 Bh3
16.Na4 Bxg2 17.Kxg2 Qe7 18.Qd3 Nd7 19.Rac1 f5 20.Bxa3  1/2-1/2

[Event "V Ubeda Open"]
[Site "Ubeda ESP"]
[Date "2000.01.25"]
[Round "7"]
[White "Maherramzade,J"]
[Black "Zvjaginsev,V"]
[Result "0-1"]
[WhiteElo "2423"]
[BlackElo "2641"]

1.d4 e6 2.Nf3 c5 3.g3 Nc6 4.Bg2 Qa5+ 5.Nc3 Nf6 6.O-O d5 7.a3 Be7 8.dxc5 Qxc5
9.Be3 Qa5 10.Nd4 O-O 11.Nb3 Qd8 12.Bc5 Bxc5 13.Nxc5 Qe7 14.Nb3 Rd8 15.Nd4 e5
16.Nxc6 bxc6 17.Qd2 Bf5 18.Na4 Be4 19.Bh3 d4 20.b4 Bd5 21.f3 Bc4 22.Nb2 Ba6
23.c4 dxc3 24.Qxc3 Bxe2 25.Rf2 Bb5 26.Re1 a5 27.bxa5 Nd5 28.Qb3 Rxa5 29.a4 Ba6
30.f4 e4 31.Nc4 Rc5 32.Ne3 Qa7 33.Nf5 Rc3 34.Qb2 g6 35.Nh6+ Kg7 36.Ng4 Qd4
37.Bg2 e3 38.Rc2 e2+ 39.Kh1 Rb8 40.Qxb8 Rxc2 41.Qe5+ Qxe5 42.Nxe5 Rd2 43.Kg1 f6
44.Nxc6 Ne3 45.Be4 Rd1  0-1

[Event "Julian Borowski A"]
[Site "Essen GER"]
[Date "2000.04.29"]
[Round "3"]
[White "Glek,I"]
[Black "Zvjaginsev,V"]
[Result "1/2-1/2"]
[WhiteElo "2554"]
[BlackElo "2641"]

1.e4 c5 2.Nf3 d6 3.d4 cxd4 4.Nxd4 Nf6 5.Nc3 Nc6 6.Be2 e6 7.O-O Be7 8.Kh1 O-O
9.f4 Bd7 10.Nf3 Be8 11.Be3 a6 12.Bd3 Nd7 13.Qe1 Nb4 14.Qg3 Kh8 15.f5 Nc5
16.fxe6 Nxe6 17.Rad1 Nxd3 18.Rxd3 Bb5 19.Nxb5 axb5 20.a3 Rc8 21.Nd4 Bf6 22.Nxb5 Be5
23.Qf2 Qe7 24.Rfd1 Nc5 25.Bxc5 dxc5 26.c4 b6 27.b3 Rce8  1/2-1/2

[Event "Anibal Open"]
[Site "Anibal Open ESP"]
[Date "2001.01.11"]
[Round "4"]
[White "Zvjaginsev,V"]
[Black "Ramesh,R"]
[Result "1/2-1/2"]
[WhiteElo "2634"]
[BlackElo "2450"]

1.c4 Nf6 2.Nc3 c6 3.e4 d5 4.exd5 cxd5 5.d4 e6 6.Nf3 Bb4 7.Bd3 dxc4 8.Bxc4 O-O
9.O-O b6 10.Bg5 Bb7 11.Rc1 Nbd7 12.Re1 Rc8 13.Qb3 Bxc3 14.Rxc3 Qe8 15.Nd2 h6
16.Bh4 Nd5 17.Rcc1 N7f6 18.Bf1 Rxc1 19.Rxc1 Qb8 20.Bg3 Nf4 21.f3 Rd8 22.Qe3 N6d5
23.Qe1 Nf6 24.Bf2 Rc8 25.a3 Rxc1 26.Qxc1 e5 27.Qe1 exd4 28.Bxd4 Qd6 29.Qe5 Qxe5
30.Bxe5 N4d5 31.Nc4 Nd7 32.Bd4 Bc6 33.Kf2 f6 34.Nd6 Kf8 35.Ba6 Nc7 36.Bc4 a6
37.h4 b5 38.Bb3 Bd5 39.Bc2 Ne6 40.Bc3 Nb6 41.Bb4 Kg8 42.Nf5 Kh8 43.Ne7 Ba2
44.Ba5 Nc4 45.Bc3 Nc5 46.Nc6 Na4 47.Bxa4 bxa4 48.Nb4 Bb1 49.Nxa6 Bg6 50.Nc5 Bc2
51.Ne6 Kg8 52.g4 Kf7 53.Nd4 Bd3 54.Kg3 Bb1 55.Kf4 Bd3 56.Nc6 Bc2 57.Nb4 Bb1
58.Na6 Bd3 59.Nc5 Bc2 60.Ne4 Bb1 61.Bd4 Bd3 62.h5 Bb1 63.Ng3 Bd3 64.Nf5 Bc2
65.Bc3 Bd3 66.Nd4 Bb1 67.Kg3 Bd3 68.Kh4 Kg8 69.f4 Ne3 70.Kg3 Nc4 71.g5 fxg5
72.fxg5 hxg5 73.Kg4 g6 74.hxg6 Bxg6 75.Kxg5 Kf7 76.Nf5 Bxf5 77.Kxf5 Nxa3  1/2-1/2

[Event "Anibal Open"]
[Site "Anibal Open ESP"]
[Date "2001.01.12"]
[Round "5"]
[White "Zilberman,Y"]
[Black "Zvjaginsev,V"]
[Result "0-1"]
[WhiteElo "2488"]
[BlackElo "2634"]

1.d4 e6 2.c4 Nf6 3.Nc3 Bb4 4.e3 O-O 5.Bd3 d5 6.Nf3 c5 7.O-O dxc4 8.Bxc4 cxd4
9.exd4 a6 10.Bd3 b5 11.Qe2 Bb7 12.Rd1 Nbd7 13.a4 bxa4 14.Rxa4 a5 15.Ra1 Rc8
16.Bg5 h6 17.Bd2 Qb6 18.Rac1 Ba8 19.Bb1 Rfd8 20.Bf4 Bd6 21.Bxd6 Qxd6 22.Ne5 Rb8
23.Ba2 Nf8 24.Rd2 Rb4 25.Rcd1 Qb6 26.Nc4 Qa6 27.Qf1 Ng6 28.Ne3 Qxf1+ 29.Kxf1 Rdb8
30.d5 exd5 31.Ncxd5 Bxd5 32.Nxd5 Rxb2 33.Nxf6+ gxf6 34.g3 Ne5 35.Bd5 a4 36.Rxb2 Rxb2
37.Rd4 Rb5 38.Ba2 Ra5 39.f4 Nc6 40.Rd7 Nb4 41.Bxf7+ Kf8 42.Bc4 Rc5 43.Be6 Rc6
44.f5 a3 45.Rf7+ Ke8 46.Rh7 a2 47.Bxa2 Nxa2 48.Rxh6 Ke7 49.Kg2 Rc4 50.h4 Nb4
51.Kh3 Nd3 52.Rh7+ Kd6 53.Rg7 Ke5 54.g4 Kf4 55.g5 Kf3  0-1

[Event "Anibal Open"]
[Site "Anibal Open ESP"]
[Date "2001.01.14"]
[Round "7"]
[White "Herrera,I"]
[Black "Zvjaginsev,V"]
[Result "1/2-1/2"]
[WhiteElo "2467"]
[BlackElo "2634"]

1.e4 c6 2.d4 d5 3.e5 c5 4.dxc5 e6 5.Be3 Nh6 6.c3 Nf5 7.Bd4 Bd7 8.Nf3 Nc6
9.a3 a5 10.Be2 g6 11.O-O Bg7 12.a4 O-O 13.Bb5 Nfxd4 14.cxd4 b6 15.cxb6 Qxb6
16.Nbd2 Rfb8 17.Rc1 Ra7 18.Nb3 Ne7 19.Bxd7 Rxd7 20.Nc5 Ra7 21.b3 Qd8 22.h3 Bf8
23.Rc3 Rc8 24.Qd2 Rac7 25.g4 Nc6 26.Rfc1 Nb4 27.Nd3 Nxd3 28.Qxd3 Bb4 29.Rxc7 Rxc7
30.Rxc7 Qxc7 31.Kg2 Kg7  1/2-1/2